000 01316nam a2200265 i 4500
001 164341
003 ES-MaACL
005 20251005063128.0
008 970708m18421843sp f |||| | spa d
080 _a94(410)
100 1 _aSaint-Prosper, Auguste,
_d1790-1841
_9132293
245 1 0 _aHistoria de Inglaterra desde los tiempos más remotos hasta nuestros dias /
_cpor Augusto de Saint-Prosper ; con el periodo de la revolución escrito por Guizot ; adornada con 46 láminas grabadas en acero ... ; dirigido por A. Houzé ; traducida por Juan Cortada.
260 _aBarcelona :
_b[s.n.],
_c1842-1843 (
_fImp. de A. Brusi)
300 _a2 v.(741 p., 24 h. de lám.; 631 p., h. de lám. 25-46) ;
_c23 cm.
490 1 _aEl mundo, historia de todos los pueblos ;
_v9-10
530 _aDisponible en formato digital.
651 4 _aGran Bretaña-
_xHistoria.
_98752
700 1 _aGuizot, François,
_d1787-1874
_9127641
700 1 _aHouzé, A.
_964368
700 1 _aCortada, Juan (
_d1805-1868)
_9149955
830 0 _aEl mundo, historia de todos los pueblos ;
_v9-10
_9182426
852 _aES-MaACL
_jD-4089-90
_z- Enc. hol.
856 _uhttp://bibliotecadigitalhispanica.bne.es:80/webclient/DeliveryManager?pid=2917874&custom_att_2=simple_viewer
_zBiblioteca Digital Hispánica
999 _c164341
_d164341